|
|
|
|
| LEADER |
01687nam a2200433 a 4500 |
| 001 |
36707 |
| 003 |
BD-DhAAL |
| 005 |
20191121160445.0 |
| 008 |
191121t1992 ii ab b 001 0 eng |
| 999 |
|
|
|c 41893
|d 41893
|
| 010 |
|
|
|a 95903267
|
| 020 |
|
|
|a 0140446036
|
| 025 |
|
|
|a I-E-95903267
|
| 035 |
|
|
|a (OCoLC)30678203
|
| 040 |
|
|
|a DLC
|c DLC
|d UIU
|d OCL
|d EL$\200B
|d OCL
|d MYG
|d BD-DhAAL
|
| 041 |
1 |
|
|a eng
|h san
|
| 042 |
|
|
|a lcode
|
| 043 |
|
|
|a a-ii---
|
| 049 |
|
|
|a MYGG
|
| 050 |
0 |
0 |
|a JA84.I4.K3813 1992
|
| 082 |
|
|
|a 320.954
|2 23
|
| 100 |
0 |
|
|a Kautalya.
|9 37546
|
| 240 |
1 |
0 |
|a Arthasastra.
|l English
|
| 245 |
1 |
4 |
|a The Arthashastra /
|c Kautilya ; edited, rearranged, translated, and introduced by L.N. Rangarajan.
|
| 260 |
|
|
|a New Delhi ;
|a New York, N.Y., USA :
|b Penguin Books India,
|c 1992.
|
| 300 |
|
|
|a xii, 868 pages :
|b illustrations, map ;
|c 21 cm.
|
| 490 |
1 |
|
|a Penguin classics
|
| 504 |
|
|
|a Includes bibliographical references (pages [745]-761) and indexes.
|
| 526 |
|
|
|a ESS
|
| 541 |
|
|
|a Complimentary copy from Professor Dr. Nasreen Khundker
|e 36707
|
| 650 |
|
0 |
|a Political science
|z India
|x History
|v Early works to 1800.
|9 37547
|
| 650 |
|
0 |
|a State, The
|v Early works to 1800.
|9 37548
|
| 651 |
|
0 |
|a India
|x Politics and government
|y to 1997
|9 37549
|
| 651 |
|
0 |
|a India
|x Social conditions.
|9 37550
|
| 700 |
1 |
|
|a Rangarajan, L. N.
|9 37551
|
| 830 |
|
|
|a Penguin classics
|9 37552
|
| 876 |
|
1 |
|l MIT01
|h JA84.I4.K3813 1992
|8 20021024
|
| 942 |
|
|
|2 ddc
|c BK
|
| 952 |
|
|
|0 0
|1 0
|2 ddc
|4 0
|6 320_954000000000000_KAU
|7 0
|9 67259
|a BRACUL
|b BRACUL
|c GEN
|d 2019-11-21
|e Complimentary copy from Professor Dr. Nasreen Khundker.
|l 3
|m 1
|o 320.954 KAU
|p 3010036707
|r 2026-05-18
|s 2026-05-17
|t 1
|w 2019-11-21
|y BK
|